000 01406nkm0a2200325 4500
001 RU\NLR\DIGIT\130967
005 20260406101656.0
035 _a(NLR Aleph) 010180708
090 _a13555417
_c13555417
100 _a20260308 rusy50
101 0 _arus
102 _aRU
135 _acrcn 024aaaba
200 1 _aИмператор Александр II
210 _d1865-1869
215 _cФото
_d8,4х5,6; 10,6х6,3 см
325 _aКопия доступна в Электрон. б-ке РНБ http://vivaldi.nlr.ru/lh000001515/view
600 0 _aАлександр
_cимператор российский
_dII
_f1818 - 1881
_jФотографии
_9923610
_3RU\NLR\AUTH\6620168
702 1 _4600
_7ca
_8rus
_aЛевицкий
_bС. Л.
_f1819-1898
_gСергей Львович
_3RU\NLR\AUTH\770290497
_92698893
801 2 _aRU
_bNLR
_c20130327
_2rusmarc
852 _aNLR
_jЭ ФП/0-А462II
_pИнв. 4062
856 0 _uhttp://vivaldi.nlr.ru/lh000001515/view
856 1 _uhttp://vivaldi.nlr.ru/lh000001515/cover
856 2 _uhttp://vivaldi.nlr.ru/lh000001515/text
942 _cVISUAL
980 _aNB
981 2 2 _a(22) Материалы по истории России
_b(22) Портреты Высочайших особ
981 1 7 _a(17) Изографические материалы
_b(17) Портреты